Datum a čas kvízu
26
Celkem bodů
Celkový počet nahraných bodů na tomto kvízu bez doplňovacích otázek.
11.
Pořadí na kvízu
Konečné umístění týmu na tomto kvízu.
Zaznamenané odpovědi
| # | Otázka | Odpověď | Body | Výsledky |
|---|---|---|---|---|
| 1. | Andrej Babiš byl dle očekávání... | jeden | 1 | |
| 2. | Nepálské úřady minulý týden oz... | C) pytlíkem na výkaly | 1 | |
| 3. | Angličan Paul Gibbons tvrdí, ž... | tank | 0 | |
| 4. | Která automobilka získala s je... | Mercedes | 0 | |
| 5. | V noci z neděle na pondělí se... | Kansas City (Chiefs), San Francisco (49ers) | 1 | |
| 6. | Vítězné téma facebookového hla... | 1C 2B 3A 4D | 0 | |
| 7. | Dne 18. dubna 1997 byli odsouz... | Orličtí vrazi | 1 | |
| 8. | Devadesátkovou klasikou je fil... | Fuck Off Guys Good Day | 0 | |
| 9. | Kolik tlačítek má na své předn... | tři | 1 | |
| 10. | Ke kterému městu se v souvislo... | Vsetín | 0 |